000 00347 a2200157 4500
001 47831
020 _a9788589894777
040 _cAnchieta - Aquarius
100 _aOliveira, Jair
240 1 0 _aGrandes pequeninos
_lpor
245 1 0 _aGrandes pequeninos
300 _a40
362 0 _a2010
650 4 _aLiteratura infanto-juvenil
942 _cBK
999 _c47831
_d47831